|
|
|
|
| LEADER |
02252nam a22004215i 4500 |
| 001 |
978-1-137-59452-5 |
| 003 |
DE-He213 |
| 005 |
20170727062755.0 |
| 007 |
cr nn 008mamaa |
| 008 |
170727s2017 xxk| s |||| 0|eng d |
| 020 |
|
|
|a 9781137594525
|9 978-1-137-59452-5
|
| 024 |
7 |
|
|a 10.1057/978-1-137-59452-5
|2 doi
|
| 040 |
|
|
|d GrThAP
|
| 100 |
1 |
|
|a Birindelli, Giuliana.
|e author.
|
| 245 |
1 |
0 |
|a Operational Risk Management in Banks
|h [electronic resource] :
|b Regulatory, Organizational and Strategic Issues /
|c by Giuliana Birindelli, Paola Ferretti.
|
| 264 |
|
1 |
|a London :
|b Palgrave Macmillan UK :
|b Imprint: Palgrave Macmillan,
|c 2017.
|
| 300 |
|
|
|a XII, 221 p. 5 illus.
|b online resource.
|
| 336 |
|
|
|a text
|b txt
|2 rdacontent
|
| 337 |
|
|
|a computer
|b c
|2 rdamedia
|
| 338 |
|
|
|a online resource
|b cr
|2 rdacarrier
|
| 347 |
|
|
|a text file
|b PDF
|2 rda
|
| 490 |
1 |
|
|a Palgrave Macmillan Studies in Banking and Financial Institutions
|
| 505 |
0 |
|
|a Chapter 1: Introduction -- Chapter 2: Definition and Dimensions of operational risk (OR) -- Chapter 3: The Regulatory Framework.-Chapter 4: Focus on Operational Risk Measurement Models -- Chapter 5: Organisation and Governance -- Chapter 6: Mitigation Strategies -- Chapter 7: Operational Risk Management in European Banks -- Chapter 8: Concluding Remarks.
|
| 520 |
|
|
|a This book focuses on several topical issues related to the operational risk management in bank: regulation, organisation and strategy. It analyses the connections between the different key-players involved in the operational risk process and the most relevant implications, both operational and strategic, arising from the implementation of the prudential framework.
|
| 650 |
|
0 |
|a Finance.
|
| 650 |
|
0 |
|a Banks and banking.
|
| 650 |
|
0 |
|a Risk management.
|
| 650 |
1 |
4 |
|a Finance.
|
| 650 |
2 |
4 |
|a Risk Management.
|
| 650 |
2 |
4 |
|a Banking.
|
| 700 |
1 |
|
|a Ferretti, Paola.
|e author.
|
| 710 |
2 |
|
|a SpringerLink (Online service)
|
| 773 |
0 |
|
|t Springer eBooks
|
| 776 |
0 |
8 |
|i Printed edition:
|z 9781137594518
|
| 830 |
|
0 |
|a Palgrave Macmillan Studies in Banking and Financial Institutions
|
| 856 |
4 |
0 |
|u http://dx.doi.org/10.1057/978-1-137-59452-5
|z Full Text via HEAL-Link
|
| 912 |
|
|
|a ZDB-2-ECF
|
| 950 |
|
|
|a Economics and Finance (Springer-41170)
|